Púšťou

Kara ben Nemsi (na amerických prériách známy pod menom Old Shatterhand) pri púti cez Saharskú púšť spozná verného sluhu a dobrého priateľa Halefa Omara. Spolu sa plavia po Níle, navštívia posvätné Islamské mestá v Arábii i biblické mestá v Mezopotámii. Počas dobrodružných ciest prenasledujú vrahov,...

Full description

Bibliographic Details
Main Author: May, Karl, 1842-1912 (Author)
Format: Braille Book
Language:Slovak
German
PhysicalDescription:8 zv. v Braillovom písme 26 x 31 cm
Published: Levoča Slovenská knižnica pre nevidiacich Mateja Hrebendu 2018
ISBN:9788018067925
Subjects:

MARC

LEADER 00000cam a2200000 a 4500
001 vtls011765959
003 SK-MaSNL
005 20260301225241.0
007 fb a un a
008 240318s2018 xo ff 000 f slo
015 |a SNBK2018 
020 |a 9788018067925 
040 |a SNK  |b slo  |c SNK  |e AACR2 
041 1 |a slo  |h ger 
044 |a xo  |c SK 
072 7 |a 821.112.2-3  |x Nemecká próza, nemecky písaná  |2 konspekt 
072 7 |a 821-93  |x Literatúra pre deti a mládež (beletria)  |2 konspekt 
080 |a 821.112.2-31  |2 2011 
080 |a 821-93  |2 2011 
080 |a (0:82-311.3)  |2 2011 
080 |a (0:003.24)  |2 2011 
100 1 |a May, Karl,  |d 1842-1912  |4 aut  |9 98469 
245 1 0 |a Púšťou  |h Braillovo písmo  |c Karl May ; [korektor: Želmíra Zemčáková] 
260 |a Levoča  |b Slovenská knižnica pre nevidiacich Mateja Hrebendu  |c 2018 
300 |a 8 zv. v Braillovom písme  |c 26 x 31 cm 
520 8 |a Kara ben Nemsi (na amerických prériách známy pod menom Old Shatterhand) pri púti cez Saharskú púšť spozná verného sluhu a dobrého priateľa Halefa Omara. Spolu sa plavia po Níle, navštívia posvätné Islamské mestá v Arábii i biblické mestá v Mezopotámii. Počas dobrodružných ciest prenasledujú vrahov, usvedčia únoscu, ujdú pirátom, bojujú v kmeňovej vojne, dostanú sa medzi uctievačov diabla... 
655 7 |a publikácie pre nevidiacich  |2 SNKPH  |9 70695 
655 7 |a publikácie v Braillovom písme  |2 SNKPH  |9 222610 
655 7 |a nemecké romány  |2 SNKPH  |9 70433 
655 7 |a dobrodružné romány  |2 SNKPH  |9 70486 
655 7 |a publikácie pre mládež  |2 SNKPH  |9 70434 
700 1 |a Zemčáková, Želmíra,  |d 1975-  |4 pfr  |9 190370 
787 0 8 |i Podľa knihy:  |t Púšťou  |d Ružomberok : Epos, 2014  |z 978-80-89547-33-3 
919 |a 978-80-18-06792-5 
958 |a SX 
958 |a LX 
958 |a UP 
958 |a DB 
968 |b DT 
999 |c 950205  |d 952135 
952 |a SNK  |b SNK  |y PREZ  |7 0  |p 17A1335216  |o snkOSB 19233/6  |i snk2018/17127  |8 0  |0 0  |1 0  |4 0  |d 2018-08-22  |l 0  |r 2026-02-24 09:46:10  |w 2026-02-24 
952 |a SNK  |b SNK  |y PREZ  |7 0  |p 17A1335218  |o snkOSB 19233/8  |i snk2018/17129  |8 0  |0 0  |1 0  |4 0  |d 2018-08-22  |l 0  |r 2026-02-24 09:46:10  |w 2026-02-24 
952 |a SNK  |b SNK  |y PREZ  |7 0  |p 17A1335211  |o snkOSB 19233/1  |i snk2018/17122  |8 0  |0 0  |1 0  |4 0  |d 2018-08-22  |l 0  |r 2026-02-24 09:46:10  |w 2026-02-24 
952 |a SNK  |b SNK  |y PREZ  |7 0  |p 17A1335212  |o snkOSB 19233/2  |i snk2018/17123  |8 0  |0 0  |1 0  |4 0  |d 2018-08-22  |l 0  |r 2026-02-24 09:46:10  |w 2026-02-24 
952 |a SNK  |b SNK  |y PREZ  |7 0  |p 17A1335213  |o snkOSB 19233/3  |i snk2018/17124  |8 0  |0 0  |1 0  |4 0  |d 2018-08-22  |l 0  |r 2026-02-24 09:46:10  |w 2026-02-24 
952 |a SNK  |b SNK  |y PREZ  |7 0  |p 17A1335214  |o snkOSB 19233/4  |i snk2018/17125  |8 0  |0 0  |1 0  |4 0  |d 2018-08-22  |l 0  |r 2026-02-24 09:46:10  |w 2026-02-24 
952 |a SNK  |b SNK  |y PREZ  |7 0  |p 17A1335215  |o snkOSB 19233/5  |i snk2018/17126  |8 0  |0 0  |1 0  |4 0  |d 2018-08-22  |l 0  |r 2026-02-24 09:46:10  |w 2026-02-24 
952 |a SNK  |b SNK  |y PREZ  |7 0  |p 17A1335217  |o snkOSB 19233/7  |i snk2018/17128  |8 0  |0 0  |1 0  |4 0  |d 2018-08-22  |l 0  |r 2026-02-24 09:46:10  |w 2026-02-24